01178nam a2200205 a 450000100100000000500170001000800410002704000250006808200150009324501410010826000340024930000170028350000900030050000540039050504230044465000260086770000180089370000230091170000380093400003551520200930074411.0111102m19601966mx 000 0 spa d aDO-SdBNPbspacBNPHU a109bH673f00aHistoria de la filosofía /cRedacción general de M. A. Dynnik ... [et. al.] ; traducción José Lain y Adolfo Sánchez Vázquez. aMéxico :bGrijalbo,c1960-. av. ;c22 cm. aA la cabeza del título : Academia de Ciencias de la URSS. Instituto de Filosofía. aLa biblioteca posee los volúmenes I-III-IV-V-VI0 av. 1. De la antigüedad a comienzos del siglo XIX --gv. 2. De la revolución burguesa de Francia de 1789 al nacimiento del marxismo --gv. 3. Desde el nacimiento del marxismo hasta finales del siglo XIX --gv. 4. Segunda mitad del siglo XIX --gv. 5. Desde finales del siglo XIX hasta la Revolución Socialista de octubre de 1917 --gv. 6. Desde la Revolución Socialista de octubre de 1917 hasta nuestros días. 4aFilosofíaxHistoria12aDynnik, M. A.12aLain. José,etr.12aSánchez Vázquez, Adolfo,etr.